Online
Catalog

Hombres : (Record no. 20547)

MARC details
000 -CABECERA
campo de control de longitud fija 01109nam a2200325 a 4500
001 - NÚMERO DE CONTROL
campo de control 000021044
003 - IDENTIFICADOR DEL NÚMERO DE CONTROL
campo de control DO-SdBNP
005 - FECHA Y HORA DE LA ÚLTIMA TRANSACCIÓN
campo de control 20250807081702.0
007 - CAMPO FIJO DE DESCRIPCIÓN FÍSICA--INFORMACIÓN GENERAL
campo de control de longitud fija ta
008 - DATOS DE LONGITUD FIJA--INFORMACIÓN GENERAL
campo de control de longitud fija 100830s1989 dr er 001 edspa d
040 ## - FUENTE DE LA CATALOGACIÓN
Centro catalogador/agencia de origen DO-SdBNP
Lengua de catalogación spa
Centro/agencia transcriptor BNPHU
082 ## - NÚMERO DE LA CLASIFICACIÓN DECIMAL DEWEY
Número de documento/Ítem K21h
100 1# - ENTRADA PRINCIPAL--NOMBRE DE PERSONA
Nombre de persona Kaufman, Michael
9 (RLIN) 44021
245 10 - MENCIÓN DE TÍTULO
Título Hombres :
Resto del título placer, poder y cambio /
Mención de responsabilidad, etc. Michael Kaufman.
260 ## - PUBLICACIÓN, DISTRIBUCIÓN, ETC.
Lugar de publicación, distribución, etc. Santo Domingo :
Nombre del editor, distribuidor, etc. Taller,
Fecha de publicación, distribución, etc. 1989.
300 ## - DESCRIPCIÓN FÍSICA
Extensión 101 p. ;
Dimensiones 22 cm.
490 ## - MENCIÓN DE SERIE
Mención de serie Teoría
500 ## - NOTA GENERAL
Nota general Incluye datos biográficos de los autores en la contracubierta.
500 ## - NOTA GENERAL
Nota general Incluye bibliografía y notas al pie de las páginas.
534 ## - NOTA SOBRE LA VERSIÓN ORIGINAL
Encabezamiento principal del original Men, Power and Pleasure / Michael Kaufman.
590 ## - NOTA LOCAL (RLIN)
Nota local Inventariado, 2018/VM
650 #4 - PUNTO DE ACCESO ADICIONAL DE MATERIA--TÉRMINO DE MATERIA
9 (RLIN) 78403
Término de materia o nombre geográfico como elemento de entrada Identidad de genero
Subdivisión geográfica República Dominicana
650 #4 - PUNTO DE ACCESO ADICIONAL DE MATERIA--TÉRMINO DE MATERIA
9 (RLIN) 35993
Término de materia o nombre geográfico como elemento de entrada Hombres
Subdivisión general Aspectos Sociales
Subdivisión geográfica República Dominicana
650 #4 - PUNTO DE ACCESO ADICIONAL DE MATERIA--TÉRMINO DE MATERIA
9 (RLIN) 78612
Término de materia o nombre geográfico como elemento de entrada Masculinidad
Subdivisión geográfica Caribe, Región
650 #0 - PUNTO DE ACCESO ADICIONAL DE MATERIA--TÉRMINO DE MATERIA
Término de materia o nombre geográfico como elemento de entrada Sexualidad
9 (RLIN) 40897
710 2# - PUNTO DE ACCESO ADICIONAL--NOMBRE DE ENTIDAD CORPORATIVA
9 (RLIN) 52431
Nombre de entidad corporativa o nombre de jurisdicción como elemento de entrada Centro de Investigación para la Acción Femenina (CIPAF).
Término indicativo de función/relación ed.
830 #0 - PUNTO DE ACCESO ADICIONAL DE SERIE-TÍTULO UNIFORME
Título uniforme Teoría
9 (RLIN) 35948
910 ## - DATOS DE OPCIÓN DEL USUARIO (OCLC)
Datos de opción del usuario MFeliz
942 ## - ELEMENTOS DE PUNTO DE ACCESO ADICIONAL (KOHA)
Fuente del sistema de clasificación o colocación Dewey Decimal Classification
Tipo de ítem Koha Libro
Holdings
Estado de retiro Estado de pérdida No para préstamo Código de colección Localización permanente Ubicación/localización actual Ubicación en estantería Fecha de adquisición Número de inventario Total de préstamos Signatura topográfica completa Código de barras Fecha visto por última vez Precio válido a partir de Tipo de ítem Koha Número de copia Fuente del sistema de clasificación o colocación Restricciones de uso Fuente de adquisición
      Dominicana de Servicio Biblioteca Nacional Pedro Henríquez Ureña Biblioteca Nacional Pedro Henríquez Ureña En catalogación 09.12.2019     K21h 2022-5563 22.11.2022 22.11.2022 Libro e.3 Dewey Decimal Classification Préstamo en sala Donado por INTEC
      Dominicana de Servicio Biblioteca Nacional Pedro Henríquez Ureña Biblioteca Nacional Pedro Henríquez Ureña En catalogación 09.12.2019     K21h 2022-5564 22.11.2022 22.11.2022 Libro e.4 Dewey Decimal Classification Préstamo en sala Donado por INTEC
      Dominicana de Servicio Biblioteca Nacional Pedro Henríquez Ureña Biblioteca Nacional Pedro Henríquez Ureña En catalogación 09.12.2019     K21h 2022-5565 22.11.2022 22.11.2022 Libro e.5 Dewey Decimal Classification Préstamo en sala Donado por INTEC
    Excluido de préstamo Patrimonio Dominicano Patrimonio Dominicano Patrimonio Dominicano En catalogación 30.08.2010 LF1   xxx K21h 21044-10 25.06.2020 25.06.2020 Libro y Folleto Colección Patrimonio Dominicano        
    Excluido de préstamo Patrimonio Dominicano Patrimonio Dominicano Patrimonio Dominicano En catalogación 06.04.2011 LF1   xxx K21h 21044-20 25.06.2020 25.06.2020 Libro y Folleto Colección Patrimonio Dominicano e. 2      

Powered by Koha